| 000 | 01181nam a22002657a 4500 | ||
|---|---|---|---|
| 005 | 20170124103144.0 | ||
| 010 | _aA-890921 | ||
| 020 |
_c200.00 _a8185727430 |
||
| 035 | _aA-890921 | ||
| 037 | _bCen Lib/Ret | ||
| 040 |
_aDPL _bHN |
||
| 082 |
_a651.7 _bजोगेन्द्र |
||
| 100 |
_aजोगेन्द्र सिंह _985670 |
||
| 245 |
_aहिंदी के गतिमान क्षितिज / _cजोगेन्द्र सिंह |
||
| 246 |
_aHindi ke gatiman kshitij / _bby Jogednra Singh |
||
| 260 |
_aनयी दिल्ली _bतक्षशिला प्रकाशन _c1997 |
||
| 270 |
_bनयी दिल्ली _a23/4762, अंसारी रोड, दरियागंज _e110002 |
||
| 300 |
_a207पृ. _c19सेमी(सजिल्द ) |
||
| 500 | _aसन्दर्भ सूची शमिल | ||
| 650 |
_aजनभाषा हिंदी _x _z _985671 |
||
| 650 |
_aकंप्यूटर और राजभाषा _91440 |
||
| 650 |
_aVernacular Hindi _985672 |
||
| 650 |
_aComputer and OL _985673 |
||
| 942 |
_2ddc _cHN _h651.7 _mजोगेन्द्र |
||
| 999 |
_c119580 _d119580 |
||